Statistics for Countries with T in Their Name

Click here to take the quiz!

General Stats

  • This quiz has been taken 841 times
    (769 since last reset)
  • The average score is 60 of 69

Answer Stats

ContinentCountry% Correct
AsiaTurkey
96%
OceaniaAustralia
95%
AsiaTurkmenistan
95%
AsiaSouth Korea
94%
AsiaThailand
94%
AfricaTogo
94%
North AmericaUnited States
94%
South AmericaArgentina
93%
EuropeAustria
93%
North AmericaTrinidad and Tobago
93%
EuropeLatvia
92%
AsiaNorth Korea
92%
AfricaSouth Africa
92%
EuropeUnited Kingdom
92%
EuropeLithuania
91%
AsiaPakistan
91%
North AmericaSaint Kitts and Nevis
91%
AsiaTajikistan
91%
OceaniaTonga
91%
OceaniaTuvalu
91%
North AmericaSaint Vincent and the Grenadines
90%
AsiaTaiwan
90%
AsiaUnited Arab Emirates
90%
AsiaAfghanistan
89%
EuropeEstonia
89%
AfricaEthiopia
89%
EuropeItaly
89%
EuropeNetherlands
89%
North AmericaSaint Lucia
89%
AfricaTanzania
89%
AfricaTunisia
89%
EuropePortugal
88%
North AmericaCosta Rica
87%
AfricaSouth Sudan
87%
AsiaVietnam
87%
AfricaDemocratic Republic of the Congo
86%
AfricaEgypt
86%
North AmericaHaiti
86%
EuropeMalta
86%
North AmericaAntigua and Barbuda
85%
AfricaCentral African Republic
85%
AsiaEast Timor
85%
North AmericaGuatemala
85%
AsiaKazakhstan
85%
AfricaLesotho
85%
AfricaMauritania
85%
AsiaUzbekistan
85%
EuropeVatican City
85%
AsiaBhutan
84%
AfricaEritrea
84%
AsiaKyrgyzstan
84%
EuropeLiechtenstein
84%
AfricaMauritius
84%
EuropeSwitzerland
84%
AfricaBotswana
82%
EuropeCroatia
82%
OceaniaKiribati
82%
AsiaKuwait
82%
AsiaQatar
81%
AfricaRepublic of the Congo
81%
AfricaSão Tomé and Príncipe
81%
OceaniaVanuatu
81%
AfricaDjibouti
80%
AfricaEquatorial Guinea
80%
EuropeMontenegro
80%
AfricaIvory Coast (Côte d'Ivoire)
77%
AfricaEswatini (Swaziland)
72%
OceaniaFederated States of Micronesia
70%
EuropeNorth Macedonia
70%

Score Distribution

Percentile by Number Answered

Percent of People with Each Score

Your Score History

You have not taken this quiz since the last reset